000 00966cam a2200289 i 4500
001 24612
003 Mx-PuUPA
005 20240902132934.0
008 140415s2019 mx a gr 000 0 spa d
040 _aMx-PuUPA
_bspa
_cMx-PuUPA
_dMx-PuUPA
_erda
041 0 _aspa
100 1 _aGuevara Torres, José Miguel,
_916137
_eautor
245 1 0 _aDemocracia y rumbo /
_cJosé Miguel Guevara Torres
250 _aPrimera edición /
_bnoviembre
264 1 _aCiudad de México :
_bEditorial Mensaje Humanístico,
_c©2019
300 _a163 páginas ;
_c22 cm
336 _2rdacontent
_atexto
_btxt
337 _2rdamedia
_asin medio
_bn
338 _2rdacarrier
_avolumen
_bnc
490 0 _aBien Común
650 7 _2armarc
_aDemocracia
_x
650 7 _2armarc
_aDemocracia
_zMéxico
942 _2ddc
_cLI
_h321.80972
_iG924
999 _c24612
_d24612